[Event "GER-chT Lands U20"]
[Site "Berlin"]
[Date "2020.09.30"]
[Round "1.8"]
[White "Haack, Kevin"]
[Black "Zimmer, Luca"]
[Result "1-0"]
[WhiteElo "2209"]
[BlackElo "1690"]
[PlyCount "63"]
[EventDate "2020.09.29"]
[EventType "team-swiss"]
[EventRounds "7"]
[EventCountry "GER"]
[SourceTitle "CBM 198 Extra"]
[Source "ChessBase"]
[SourceDate "2020.11.30"]
[SourceVersion "1"]
[SourceVersionDate "2020.11.30"]
[SourceQuality "1"]
[WhiteTeam "Hessen U20"]
[BlackTeam "Saarland U20"]
[WhiteTeamCountry "GER"]
[BlackTeamCountry "GER"]

1. c4 e6 2. g3 d5 3. Bg2 Nf6 4. Nf3 c6 5. 0-0 Nbd7 6. b3 Bd6 7. Bb2 0-0 8. Nc3 e5 9. e3 e4 10. Ne1 Ne5 11. cxd5 cxd5 12. d3 Bg4 13. Qd2 Bb4 14. a3 Bxc3 15. Bxc3 Nf3+ 16. Nxf3 Bxf3 17. Bxf3 exf3 18. Qd1 Rc8 19. Bd4 Nd7 20. b4 Nb6 21. Qxf3 Rc6 22. a4 Na8 23. Bxa7 Rf6 24. Qg4 b6 25. a5 Qe7 26. axb6 Nxb6 27. Qd4 Qb7 28. Ra5 Rd8 29. Rfa1 Rfd6 30. Rb5 Ra8 31. Rxb6 Rxb6 32. Bxb6 1-0

[Event "Youth District Germany"]
[Site "Wuerzburg"]
[Date "2018.10.06"]
[Round "6.1"]
[White "Zimmer, Luca"]
[Black "Leeb, Simon"]
[Result "0-1"]
[WhiteElo "1645"]
[BlackElo "2203"]
[PlyCount "68"]
[EventDate "2018.10.02"]
[EventType "team-swiss"]
[EventRounds "7"]
[EventCountry "GER"]
[SourceTitle "CBM 186 Extra"]
[Source "ChessBase"]
[SourceDate "2018.08.24"]
[SourceVersion "1"]
[SourceVersionDate "2018.08.24"]
[SourceQuality "1"]
[WhiteTeam "Saarland U20"]
[BlackTeam "Bayern U20 II"]
[WhiteTeamCountry "GER"]
[BlackTeamCountry "GER"]

1. e4 c5 2. d4 cxd4 3. c3 dxc3 4. Nxc3 e6 5. Bc4 Qc7 6. Qe2 Nc6 7. Nf3 Nf6 8. 0-0 Ng4 9. Nb5 Qb8 10. h3 Nge5 11. Bf4 d6 12. Rfd1 a6 13. Na3 Be7 14. Rac1 0-0 15. Bb3 b5 16. Nc2 Bb7 17. Ncd4 Nxf3+ 18. Nxf3 Na5 19. Rd3 Nxb3 20. Rxb3 Rc8 21. Rbc3 Rxc3 22. Rxc3 Qd8 23. Qe3 Rc8 24. Rd3 Qc7 25. Rc3 Qb8 26. Rd3 h6 27. Nd2 e5 28. Bg3 Rc2 29. Rb3 Qc7 30. Kh2 Qc6 31. f4 d5 32. fxe5 dxe4 33. Nb1 Bc5 34. Qf4 e3 0-1

[Event "GER-ch U18"]
[Site "Willingen"]
[Date "2018.05.23"]
[Round "5"]
[White "Fieberg, Samuel"]
[Black "Zimmer, Luca"]
[Result "1-0"]
[WhiteElo "2248"]
[BlackElo "1633"]
[PlyCount "75"]
[EventDate "2018.05.19"]
[EventType "swiss"]
[EventRounds "9"]
[EventCountry "GER"]
[SourceTitle "CBM 184 Extra"]
[Source "ChessBase"]
[SourceDate "2018.06.28"]
[SourceVersion "1"]
[SourceVersionDate "2018.06.28"]
[SourceQuality "1"]

1. e4 e6 2. d4 d5 3. Nd2 Nf6 4. e5 Nfd7 5. Bd3 c5 6. c3 Nc6 7. Ne2 cxd4 8. cxd4 f6 9. exf6 Nxf6 10. Nf3 Bd6 11. 0-0 Qc7 12. h3 0-0 13. Re1 Bd7 14. Be3 Be8 15. Ng5 Bf7 16. Nc3 a6 17. Qc2 h6 18. Nxf7 Qxf7 19. Bg6 Qd7 20. Qe2 Ne7 21. Bc2 Rae8 22. Qd3 e5 23. dxe5 Bxe5 24. Rad1 Rd8 25. Bb6 Bc7 26. Bc5 Rfe8 27. Bd4 Qd6 28. Be5 Qb6 29. Bxf6 Qxf6 30. Qh7+ Kf7 31. Re3 Rh8 32. Qd3 Qd6 33. g3 Kg8 34. Bb3 Bb6 35. Rf3 Qc5 36. Qe4 Qd6 37. Nxd5 Nxd5 38. Rxd5 1-0

[Event "GER-ch U18"]
[Site "Willingen"]
[Date "2018.05.22"]
[Round "4"]
[White "Zimmer, Luca"]
[Black "Maetzkow, Maximilian Paul"]
[Result "0-1"]
[WhiteElo "1633"]
[BlackElo "2171"]
[PlyCount "66"]
[EventDate "2018.05.19"]
[EventType "swiss"]
[EventRounds "9"]
[EventCountry "GER"]
[SourceTitle "CBM 184 Extra"]
[Source "ChessBase"]
[SourceDate "2018.06.28"]
[SourceVersion "1"]
[SourceVersionDate "2018.06.28"]
[SourceQuality "1"]

1. e4 c5 2. Nc3 Nc6 3. f4 g6 4. Nf3 Bg7 5. Bb5 Nd4 6. 0-0 Nxb5 7. Nxb5 d5 8. exd5 a6 9. Nc3 Nf6 10. d3 Nxd5 11. Nxd5 Qxd5 12. Qe2 Be6 13. Ng5 Bd7 14. c3 0-0 15. Be3 Bc6 16. Rfd1 h6 17. Nf3 Qh5 18. Rd2 Rad8 19. Re1 Bxf3 20. Qxf3 Qxf3 21. gxf3 Rd5 22. Bf2 e6 23. Red1 Rfd8 24. Bg3 h5 25. Kf2 Bh6 26. Bh4 R8d7 27. Bg5 Bxg5 28. fxg5 Rxg5 29. d4 Rgd5 30. Ke3 c4 31. b3 Rc7 32. Rc1 Kg7 33. Rb2 b5 0-1

[Event "GER-chT Lands U20"]
[Site "Hannover"]
[Date "2016.10.02"]
[Round "3.5"]
[White "Zimmer, Luca"]
[Black "Helmer, Jan"]
[Result "0-1"]
[WhiteElo "1549"]
[BlackElo "1795"]
[PlyCount "100"]
[EventDate "2016.10.01"]
[EventType "team-swiss"]
[EventRounds "7"]
[EventCountry "GER"]
[SourceTitle "CBM 174 Extra"]
[Source "ChessBase"]
[SourceDate "2016.10.10"]
[SourceVersion "1"]
[SourceVersionDate "2016.10.10"]
[SourceQuality "1"]
[WhiteTeam "Saarland/Rheinland Pfalz"]
[BlackTeam "Niedersachsen II"]
[WhiteTeamCountry "GER"]
[BlackTeamCountry "GER"]

1. e4 e6 2. d4 d5 3. e5 c5 4. Qg4 Nc6 5. Nf3 Qa5+ 6. c3 cxd4 7. Bd3 dxc3 8. Nxc3 d4 9. Nxd4 Qxe5+ 10. Nde2 Nf6 11. Qa4 Bd7 12. Bf4 Qa5 13. Qxa5 Nxa5 14. 0-0-0 Bc5 15. Ne4 Nxe4 16. Bxe4 Rc8 17. f3 Bb5 18. Nc3 Bb4 19. Bd2 0-0 20. Kb1 Ba6 21. a3 Bxc3 22. Bxc3 Nc4 23. Ka2 Ne3 24. Rd7 Bc4+ 25. Kb1 Bd5 26. Bxd5 Nxd5 27. Rc1 Nxc3+ 28. Rxc3 Rxc3 29. bxc3 Rb8 30. Kc2 Kf8 31. Kb3 a6 32. Kb4 b6 33. Rd6 Ke7 34. Rd4 Rc8 35. Rc4 Rxc4+ 36. Kxc4 Kd6 37. Kd4 g6 38. f4 f6 39. g3 h6 40. h3 e5+ 41. fxe5+ fxe5+ 42. Ke4 Ke6 43. c4 h5 44. g4 hxg4 45. hxg4 b5 46. cxb5 axb5 47. g5 Kd6 48. Ke3 Kd5 49. Kd3 e4+ 50. Ke3 Ke5 0-1

[Event "GER-ch U16"]
[Site "Willingen"]
[Date "2016.05.17"]
[Round "5"]
[White "Savchenko, Daniel"]
[Black "Zimmer, Luca"]
[Result "1-0"]
[WhiteElo "1952"]
[BlackElo "1521"]
[PlyCount "71"]
[EventDate "2016.05.15"]
[EventType "swiss"]
[EventRounds "9"]
[EventCountry "GER"]
[SourceTitle "CBM 172 Extra"]
[Source "ChessBase"]
[SourceDate "2016.06.21"]
[SourceVersion "1"]
[SourceVersionDate "2016.06.21"]
[SourceQuality "1"]

1. e4 e6 2. Nf3 d5 3. Nc3 Nf6 4. e5 Nfd7 5. d4 a6 6. Bd3 c5 7. dxc5 Bxc5 8. Qe2 Nc6 9. Bf4 d4 10. Ne4 Bb4+ 11. c3 dxc3 12. bxc3 Be7 13. 0-0 0-0 14. Rfd1 Qc7 15. Nd6 Ndxe5 16. Bxe5 Nxe5 17. Qxe5 Bxd6 18. Bxh7+ Kxh7 19. Qh5+ Kg8 20. Ng5 Rd8 21. Qh7+ Kf8 22. Qh8+ Ke7 23. Qxg7 Rf8 24. Nh7 Bd7 25. Qf6+ Ke8 26. Nxf8 Bxf8 27. h4 Ba4 28. Rd4 Bc2 29. h5 Rd8 30. Rg4 Rd1+ 31. Rxd1 Bxd1 32. Rg8 Qc5 33. h6 Bc2 34. g4 Kd7 35. Qxf7+ Qe7 36. Rxf8 1-0

[Event "GER-chT Lands U20"]
[Site "Hannover"]
[Date "2015.10.05"]
[Round "5.3"]
[White "Schumann, Rabea"]
[Black "Zimmer, Luca"]
[Result "1-0"]
[WhiteElo "1674"]
[BlackElo "1419"]
[PlyCount "117"]
[EventDate "2015.10.03"]
[EventType "team-swiss"]
[EventRounds "7"]
[EventCountry "GER"]
[SourceTitle "CBM 168 Extra"]
[Source "ChessBase"]
[SourceDate "2015.10.29"]
[SourceVersion "1"]
[SourceVersionDate "2015.10.29"]
[SourceQuality "1"]
[WhiteTeam "Mecklenburg Vorpommern (U20)"]
[BlackTeam "Saarland (U20)"]
[WhiteTeamCountry "GER"]
[BlackTeamCountry "GER"]

1. e4 e6 2. Qe2 Nc6 3. Nf3 Nb4 4. d3 d5 5. g3 Nf6 6. e5 Nd7 7. a3 Nc6 8. Bg2 Bc5 9. b4 Nd4 10. Nxd4 Bxd4 11. c3 Bxe5 12. d4 Bd6 13. Bxd5 Nf6 14. Bg2 0-0 15. 0-0 Rb8 16. Nd2 Bd7 17. Ne4 Bc6 18. Bg5 Be7 19. Nxf6+ Bxf6 20. Bxf6 Qxf6 21. Bxc6 bxc6 22. Qa6 Qf3 23. Qxa7 Qxc3 24. Rfc1 Qb2 25. Qc5 Rb6 26. Qc3 Qxc3 27. Rxc3 Rd8 28. Rac1 Rd6 29. Rc4 Kf8 30. a4 Ke8 31. Kg2 Ra6 32. a5 Kd7 33. Kf3 g6 34. Ke4 f6 35. f4 Rd5 36. Rc5 h6 37. h3 Kd6 38. g4 Kd7 39. R1c3 Kd6 40. Rc2 Kd7 41. Kd3 Kd6 42. R2c4 e5 43. fxe5+ fxe5 44. Rxd5+ Kxd5 45. Rc5+ Kd6 46. dxe5+ Ke6 47. Ke4 Ke7 48. h4 Kf7 49. h5 gxh5 50. gxh5 Ke6 51. Kf4 Kd7 52. Kf5 Ra8 53. Kg6 Rb8 54. Rc4 Re8 55. Kxh6 Rxe5 56. Kg6 Re6+ 57. Kf5 Rh6 58. Kg5 Rh8 59. h6 1-0

[Event "GER-chT Lands U20"]
[Site "Hannover"]
[Date "2015.10.04"]
[Round "2.3"]
[White "Kololli, Martin"]
[Black "Zimmer, Luca"]
[Result "1-0"]
[WhiteElo "2187"]
[BlackElo "1419"]
[PlyCount "51"]
[EventDate "2015.10.03"]
[EventType "team-swiss"]
[EventRounds "7"]
[EventCountry "GER"]
[SourceTitle "CBM 168 Extra"]
[Source "ChessBase"]
[SourceDate "2015.10.29"]
[SourceVersion "1"]
[SourceVersionDate "2015.10.29"]
[SourceQuality "1"]
[WhiteTeam "Schleswig Holstein (U20)"]
[BlackTeam "Saarland (U20)"]
[WhiteTeamCountry "GER"]
[BlackTeamCountry "GER"]

1. e4 e6 2. c4 d5 3. exd5 exd5 4. cxd5 Nf6 5. Nc3 Nxd5 6. Nf3 Bf5 7. Nd4 Bg6 8. Nxd5 Qxd5 9. Nb5 Na6 10. d4 Bb4+ 11. Nc3 Qe4+ 12. Be3 0-0 13. Be2 Qxg2 14. Bf3 Qh3 15. Bxb7 Rae8 16. Qf3 Qxf3 17. Bxf3 f5 18. 0-0 f4 19. Bd2 Rf5 20. a3 Bxc3 21. bxc3 Rg5+ 22. Kh1 Nb8 23. Rfe1 Rf8 24. Re7 Rf6 25. Rxc7 Bf7 26. Rc8+ 1-0

[Event "GER-ch U25 op-B"]
[Site "Oberhof"]
[Date "2013.05.21"]
[Round "4"]
[White "Pahl, Theis"]
[Black "Zimmer, Luca"]
[Result "0-1"]
[WhiteElo "839"]
[BlackElo "1049"]
[PlyCount "84"]
[EventDate "2013.05.19"]
[EventType "swiss"]
[EventRounds "9"]
[EventCountry "GER"]
[SourceTitle "CBM 154 Extra"]
[Source "ChessBase"]
[SourceDate "2013.06.25"]
[SourceVersion "2"]
[SourceVersionDate "2013.06.25"]
[SourceQuality "1"]

1. e4 e6 2. d4 d5 3. exd5 exd5 4. Bd3 Bd6 5. Nf3 Nc6 6. Nc3 Nge7 7. 0-0 Bg4 8. Be3 Qd7 9. Qe2 0-0-0 10. Nb1 f5 11. c3 Rde8 12. Bc1 Ng6 13. Qd1 Nh4 14. Nbd2 Nd8 15. Be2 Ng6 16. Re1 Nf4 17. Bf1 Rxe1 18. Qxe1 Re8 19. Qd1 Nf7 20. h4 h6 21. Nb3 g5 22. hxg5 Nxg5 23. Nbd2 Re7 24. g3 Nfh3+ 25. Bxh3 Nxh3+ 26. Kg2 Qe8 27. b3 Re2 28. Qf1 Rxf2+ 29. Qxf2 Nxf2 30. Kxf2 f4 31. Nf1 fxg3+ 32. Nxg3 Bxf3 33. Kxf3 Bxg3 34. Kxg3 Qe1+ 35. Kf4 Qd1 36. Kf5 h5 37. Kg5 Qh1 38. a4 h4 39. Kg4 h3 40. Kh4 h2 41. Bb2 Qe4+ 42. Kg3 h1Q 0-1

[Event "GER-chT U12"]
[Site "Verden"]
[Date "2012.12.29"]
[Round "6.1"]
[White "Zimmer, Luca"]
[Black "Raetzke von Stoyentin, Steffen"]
[Result "1/2-1/2"]
[WhiteElo "1124"]
[BlackElo "1727"]
[PlyCount "76"]
[EventDate "2012.12.27"]
[EventType "team-swiss"]
[EventRounds "7"]
[EventCountry "GER"]
[SourceTitle "EXT 2014"]
[Source "ChessBase"]
[SourceDate "2013.11.20"]
[SourceVersion "1"]
[SourceVersionDate "2013.11.20"]
[SourceQuality "1"]
[WhiteTeam "Wadern Turm"]
[BlackTeam "Aurich"]
[WhiteTeamCountry "GER"]
[BlackTeamCountry "GER"]

1. e4 e5 2. Nf3 Nc6 3. Bc4 Bc5 4. c3 Nf6 5. d4 exd4 6. cxd4 Bb4+ 7. Bd2 Nxe4 8. Bxb4 Nxb4 9. Bxf7+ Kxf7 10. Qb3+ d5 11. Ne5+ Kg8 12. Qxb4 Qd6 13. Qxd6 cxd6 14. Nd3 Be6 15. 0-0 Rc8 16. Re1 Kf7 17. f3 Nf6 18. Nf4 Rhe8 19. Nc3 g5 20. Nd3 Bd7 21. Nb4 Bc6 22. Rac1 Rxe1+ 23. Rxe1 Re8 24. Rxe8 Kxe8 25. a4 a5 26. Nd3 Ke7 27. b4 b6 28. b5 Bd7 29. f4 g4 30. g3 Bf5 31. Nf2 Ke6 32. Kf1 h5 33. Ke2 Bg6 34. Ke3 Ng8 35. Nfd1 Ne7 36. Kf2 Bc2 37. Ne3 Bb3 38. Ke2 Kf6 1/2-1/2